| 000 -LEADER |
| fixed length control field |
00854nam a2200241Ia 4500 |
| 001 - CONTROL NUMBER |
| control field |
5331 |
| 003 - CONTROL NUMBER IDENTIFIER |
| control field |
GE_BSU |
| 008 - FIXED-LENGTH DATA ELEMENTS--GENERAL INFORMATION |
| fixed length control field |
181216s||||||||xx |||||||||||||| ||und|| |
| 040 ## - CATALOGING SOURCE |
| Transcribing agency |
GE_BSU |
| 080 ## - UNIVERSAL DECIMAL CLASSIFICATION NUMBER |
| Universal Decimal Classification number |
517.37(075.8)+517.52(075.8) |
| 100 ## - MAIN ENTRY--PERSONAL NAME |
| Personal name |
Будак, Б.М;.Фомин,С.В. |
| 245 ## - TITLE STATEMENT |
| Title |
Кратные интегралы и ряды |
| 245 ## - TITLE STATEMENT |
| Remainder of title |
Учебник для физичкских. и физ.-мат фак-ов ун-тов |
| 245 ## - TITLE STATEMENT |
| Statement of responsibility, etc. |
Под ред. А.Н. Тихонова. В.А.Илина. А.г. Свешникова |
| 250 ## - EDITION STATEMENT |
| Edition statement |
вып 2 |
| 260 ## - PUBLICATION, DISTRIBUTION, ETC. |
| Place of publication, distribution, etc. |
Москва |
| 260 ## - PUBLICATION, DISTRIBUTION, ETC. |
| Name of publisher, distributor, etc. |
Наука |
| 260 ## - PUBLICATION, DISTRIBUTION, ETC. |
| Date of publication, distribution, etc. |
1965 |
| 300 ## - PHYSICAL DESCRIPTION |
| Extent |
607 с. 22 см. |
| 300 ## - PHYSICAL DESCRIPTION |
| Accompanying material |
Курс высшей математики и математичеслой физике |
| 653 ## - INDEX TERM--UNCONTROLLED |
| Uncontrolled term |
Кратные интегралы и ряды |
| 942 ## - ADDED ENTRY ELEMENTS (KOHA) |
| Koha item type |
წიგნი |